00435nam a2200157Ia 4500020001800000082001600018245003200034260003300066300001000099504002600109650002800135650002100163650003100184650003500215700002700250 a0 85012 061 6 a004.07 COM; 0aComputers and the year 2000 as.l.bNCC Publicationsc1972 a319p. aIncludes bibliography aComputer science - 2000 aComputer systems aComputers and civilization aComputers - Study and teaching aLord Avebury...[et al]